| 000 | 01329nam a2200325 4500 | ||
|---|---|---|---|
| 001 | 441 | ||
| 003 | OSt | ||
| 005 | 20250701101243.0 | ||
| 008 | 250630b |||||||g |||| 00| 1 eng d | ||
| 020 | _a9788501086150 | ||
| 040 | _bpor | ||
| 041 |
_heng _apor |
||
| 082 |
_a813 _bS654d |
||
| 100 | 1 |
_aSmith, L. J. _d1887-1968. |
|
| 240 | _aThe awakening. | ||
| 245 |
_aDiários do Vampiro - _bO Despertar / _cSmith, L. J ; Tradução de Ryta Vinagre |
||
| 250 | _a5 ed. | ||
| 260 |
_aRio de Janeiro _bGalera Record _c2009 |
||
| 300 | _a236 p. | ||
| 520 | _aStefan Salvatore é imortal. E está condenado. Há séculos ele procura redenção e paz, até que chega à pequena cidade de Fell's Church e conhece Elena... Mesmo sendo a garota mais popular e adorada da escola, Elena se sente sozinha, até encontrar sua alma gêmea, Stefan, um vampiro perseguido pelo irmão Demon... Um vampiro sexy e misterioso, Damon quer vingança a qualquer custo e não medirá esforços para conseguir o que deseja. | ||
| 650 | 0 |
_aLiteratura Americana _984 |
|
| 650 | 0 |
_aVampiros _9972 |
|
| 650 | 0 |
_aRomance sobrenatural _9973 |
|
| 650 | 0 |
_aFantasia sombria _9974 |
|
| 655 | 0 |
_aRomance _923 |
|
| 655 | 0 |
_aFicção _922 |
|
| 700 |
_aRyta Vinagre _eTRADUTOR _9975 |
||
| 830 |
_aDiários do Vampiro _v vol. 01 _9976 |
||
| 942 |
_2ddc _n0 _cBK |
||
| 999 |
_c441 _d441 |
||